| 000 | 03047cam a22005294a 4500 | ||
|---|---|---|---|
| 001 | muse16405 | ||
| 003 | MdBmJHUP | ||
| 005 | 20210127150926.0 | ||
| 006 | m o d | ||
| 007 | cr||||||||nn|n | ||
| 008 | 060626s2006 utu o 00 0 eng d | ||
| 010 | _z 2006021243 | ||
| 020 | _a9780874215458 | ||
| 020 | _z0874216532 (pbk. : alk. paper) | ||
| 020 | _z9780874216530 | ||
| 035 | _a(OCoLC)71281689 | ||
| 040 |
_aMdBmJHUP _cMdBmJHUP |
||
| 043 |
_ae-fi--- _an-us--- |
||
| 050 | 0 | 4 |
_aGR41.5 _b.W55 2006 |
| 082 | 0 |
_a398.2094897 _222 |
|
| 100 | 1 |
_aWilson, William Albert, _d1861-1951. |
|
| 245 | 1 | 4 |
_aMarrow of Human Experience, The _bEssays on Folklore by William A. Wilson / _cby William A. Wilson ; edited by Jill Terry Rudy with the assistance of Diane Call. |
| 264 | 1 | _bUtah State University Press, | |
| 264 | 3 | _bProject MUSE, | |
| 300 | _a1 online resource (321 p.) | ||
| 504 | _a"William A. Wilson's published works": p. 293-297. | ||
| 504 | _aIncludes bibliographical references (p. 299-310) and index. | ||
| 505 | 0 | _aIntroduction -- The importance of folklore -- The deeper necessity : folklore and the humanities -- Building bridges : folklore in the academy -- Arts and cultural policy -- "Something there is that doesn't love a wall" -- The folk speak : everyday life in pioneer oral narratives -- Documenting folklore -- Folklore and national identity -- Herder, folklore, and romantic nationalism -- Sibelius, the Kalevala, and Karelianism -- Folklore, nationalism, and the challenge of the future -- Finns in a new world : a folkloristic perspective -- Folklore, religion, and who we are -- The concept of the west and other hindrances to the study of Mormon folklore -- The study of Mormon folklore : an uncertain mirror for truth -- On being human : the folklore of Mormon missionaries -- The seriousness of Mormon humor -- Freeways, parking lots, and ice cream stands : three nephites in contemporary Mormon culture -- "Teach me all that I must do" : the practice of Mormon religion -- Personal narratives : the family novel -- A daughter's biography of William A. Wilson, Denise Wilson Jamsa -- William A. Wilson's published works. | |
| 506 | 0 |
_aOpen Access _fUnrestricted online access _2star |
|
| 588 | _aDescription based on print version record. | ||
| 650 | 0 |
_aMormons _xFolklore. |
|
| 650 | 0 |
_aFolklore _zFinland. |
|
| 650 | 0 | _aNational characteristics. | |
| 650 | 0 | _aFolklore and nationalism. | |
| 655 | 7 |
_aElectronic books. _2local |
|
| 700 | 1 | _aCall, Diane. | |
| 700 | 1 |
_aRudy, Jill Terry, _d1963- |
|
| 710 | 2 |
_aProject Muse. _edistributor |
|
| 830 | 0 | _aBook collections on Project MUSE. | |
| 856 | 4 | 0 |
_zFull text available: _uhttps://muse.jhu.edu/book/9290/ |
| 945 | _aProject MUSE - Archive Global Cultural Studies Foundation | ||
| 945 | _aProject MUSE - Archive Complete Foundation | ||
| 999 |
_c23986 _d23986 |
||